Southville International School and Colleges
Your cart is empty.
  • Cart
  • Lists
    Public lists Eva Luna New books Lux_list list_1
    Your lists Log in to create your own lists
  • Log in to your account
  • Your cookies
  • Search history
Southville International School and Colleges
  • Advanced search
  • Recent comments
  • Most popular
  • Libraries

Log in to your account

Log in with GOOGLE


If you do not have an external account, but do have a local account, you can still log in:

  1. Home
  2. MARC view: Pusod
Normal view MARC view ISBD view

Pusod (Record no. 17062)

[ view plain ]
MARC details
000 -LEADER
fixed length control field 00866cam a22003137a 4500
001 - CONTROL NUMBER
control field 17046663
003 - CONTROL NUMBER IDENTIFIER
control field OSt
005 - DATE AND TIME OF LATEST TRANSACTION
control field 20140310182858.0
008 - FIXED-LENGTH DATA ELEMENTS--GENERAL INFORMATION
fixed length control field 111116s2010 ph 000 1 tgl
010 ## - LIBRARY OF CONGRESS CONTROL NUMBER
LC control number 2011308497
020 ## - INTERNATIONAL STANDARD BOOK NUMBER
International Standard Book Number 9789710172245
040 ## - CATALOGING SOURCE
Original cataloging agency DLC
Transcribing agency DLC
Modifying agency DLC
042 ## - AUTHENTICATION CODE
Authentication code lcode
050 00 - LIBRARY OF CONGRESS CALL NUMBER
Classification number PL6061.4
Item number .L257 2010
082 ## - DEWEY DECIMAL CLASSIFICATION NUMBER
-- FIL 899.2113
Item number L257 2010
100 1# - MAIN ENTRY--PERSONAL NAME
Personal name Landicho, Domingo G.,
Dates associated with a name 1939-
245 10 - TITLE STATEMENT
Title Pusod
Statement of responsibility, etc Landicho, Domingo G.
260 ## - PUBLICATION, DISTRIBUTION, ETC. (IMPRINT)
Place of publication, distribution, etc Quezon City
Name of publisher, distributor, etc C & E Pub.
Date of publication, distribution, etc c2010
300 ## - PHYSICAL DESCRIPTION
Extent 412 p.
Dimensions 18 cm.
500 ## - GENERAL NOTE
General note Novel.
521 ## - TARGET AUDIENCE NOTE
Target audience note
526 ## - STUDY PROGRAM INFORMATION NOTE
Reading level 1210L to 1700L
541 ## - IMMEDIATE SOURCE OF ACQUISITION NOTE
-- 1
546 ## - LANGUAGE NOTE
Language note In Tagalog.
562 ## - COPY AND VERSION IDENTIFICATION NOTE
Number of copies for circulation : 1 copy available in the collection
906 ## - LOCAL DATA ELEMENT F, LDF (RLIN)
a 7
b cbc
c origode
d 4
e ncip
f 20
g y-gencatlg
942 ## - ADDED ENTRY ELEMENTS (KOHA)
Source of classification or shelving scheme Library of Congress Classification
Koha item type Books
Call number prefix Filipininana
Holdings
Withdrawn status Lost status Source of classification or shelving scheme Damaged status Home library Current library Shelving location Date acquired Total Checkouts Total Renewals Full call number Barcode Date last seen Date checked out Copy number Price effective from Koha item type
    Library of Congress Classification   College Library College Library Filipiniana Section 06/11/2012 1 8 PL6061.4 .L257 2010 c14647 05/08/2018 08/23/2016 1 06/11/2012 Books

Pusod

APA

Landicho D. G., . (2010). Pusod. Quezon City: C & E Pub.

Chicago

Landicho Domingo G, . 2010. Pusod. Quezon City: C & E Pub.

Harvard

Landicho D. G., . (2010). Pusod. Quezon City: C & E Pub.

MLA

Landicho Domingo G, . Pusod. Quezon City: C & E Pub. 2010.

  • Place hold
  • Print
  • Cite
  • Add to your cart (remove)
  • Save record
    BIBTEX Dublin Core MARCXML MARC (non-Unicode/MARC-8) MARC (Unicode/UTF-8) MARC (Unicode/UTF-8, Standard) MODS (XML) RIS
  • More searches
    Search for this title in:
    Other Libraries (WorldCat) Other Databases (Google Scholar) Online Stores (Bookfinder.com) Open Library (openlibrary.org)

Exporting to Dublin Core...

SOUTHVILLE LIBRARY

Southville International School and Colleges Library

1281 Tropical Ave. Cor. Luxembourg St., BF Homes International, Las Pinas City

Tel. No. 8256374 / 252358 Loc. 117/146

Powered by Koha